000
00305nam a22001337a 4500
008
170127b xxu||||| |||| 00| 0 eng d
020
_a
9780781746717
041
_a
eng
080
_2
15TH
_a
61
100
_a
3
101
_a
SHM
245
_a
ARTHRITIS AND ALLIED CONDITIONS
_c
KOOPMAN, W.J
942
_2
udc
_c
BK
999
_c
3834
_d
3834